[Event "XXX Roquetas de Mar Open 2019"]
[Site "Roquetas de Mar"]
[Date "2019.01.04"]
[Round "5"]
[White "Bjerre, Jonas Buhl"]
[Black "Sreeshwan Maralakshikari"]
[Result "0-1"]
[WhiteElo "2422"]
[BlackElo "2278"]
[Annotator "NA"]
[PlyCount "108"]
[EventDate "2019.01.02"]
[EventType "swiss"]
[EventCountry "ESP"]
[SourceTitle "playchess.com"]
[Source "ChessBase"]
[SourceQuality "1"]
[TimeControl "5400+30"]

1. e4 {[%emt 0:00:00]} c6 {[%emt 0:00:00]} 2. d4 {[%emt 0:00:00]} d5 {[%emt 0:00:00]} 3. e5 {[%emt 0:00:00]} Bf5 {[%emt 0:00:00]} 4. Nd2 {[%emt 0:00:00]} e6 {[%emt 0:00:00]} 5. Nb3 {[%emt 0:00:04]} c5 {[%emt 0:00:00]} 6. dxc5 {[%emt 0:00:29]} Bxc5 {[%emt 0:00:00]} 7. Nxc5 {[%emt 0:00:30]} Qa5+ {[%emt 0:00:00]} 8. c3 {[%emt 0:00:10]} Qxc5 {[%emt 0:00:00]} 9. Be3 {[%emt 0:00:04]} Qc7 {[%emt 0:00:05]} 10. f4 {[%emt 0:00:16]} Ne7 {[%emt 0:00:15]} 11. Be2 {[%emt 0:01:06]} Nbc6 {[%emt 0:00:22]} 12. Nf3 {[%emt 0:00:23]} h6 {[%emt 0:00:14]} 13. O-O {[%emt 0:01:14]} O-O {[%emt 0:00:20]} 14. Rc1 {[%emt 0:02:56]} Rfd8 {[%emt 0:01:00]} 15. b4 {[%emt 0:01:50]} a6 {[%emt 0:01:18]} 16. a4 {[%emt 0:02:03]} d4 {[%emt 0:20:21]} 17. cxd4 {[%emt 0:22:27]} Nd5 {[%emt 0:00:50]} 18. Bd2 {[%emt 0:01:55]} Qb6 {[%emt 0:00:04]} 19. a5 {[%emt 0:01:10]} Qa7 {[%emt 0:00:05]} 20. Rc4 {[%emt 0:01:08]} Be4 {[%emt 0:01:30]} 21. Qa1 {[%emt 0:04:51]} Nde7 {[%emt 0:00:18]} 22. Be3 {[%emt 0:02:40]} Nd5 {[%emt 0:00:03]} 23. Bd2 {[%emt 0:03:58]} Nde7 {[%emt 0:00:04]} 24. Kh1 {[%emt 0:02:31]} Nf5 {[%emt 0:00:13]} 25. Rd1 {[%emt 0:08:19]} Bxf3 {[%emt 0:00:32]} 26. Bxf3 {[%emt 0:00:07]} Ncxd4 {[%emt 0:00:03]} 27. Qc3 {[%emt 0:08:50]} Nxf3 {[%emt 0:00:58]} 28. Qxf3 {[%emt 0:00:11]} Rd7 {[%emt 0:01:25]} 29. Bc1 {[%emt 0:04:29]} Nh4 {[%emt 0:27:44]} 30. Qe2 {[%emt 0:02:19]} Rxd1+ {[%emt 0:00:44]} 31. Qxd1 {[%emt 0:00:07]} b5 {[%emt 0:01:38]} 32. axb6 {[%emt 0:06:02]} Qxb6 {[%emt 0:00:49]} 33. Qd4 {[%emt 0:01:53]} Qb7 {[%emt 0:00:24]} 34. Rc2 {[%emt 0:01:37]} Kh7 {[%emt 0:04:20]} 35. Be3 {[%emt 0:03:56]} Nf5 {[%emt 0:02:59]} 36. Qd2 {[%emt 0:02:05]} Nxe3 {[%emt 0:00:31]} 37. Qxe3 {[%emt 0:00:07]} Qxb4 {[%emt 0:00:03]} 38. h3 {[%emt 0:00:59]} a5 {[%emt 0:00:13]} 39. Rc7 {[%emt 0:02:03]} Kg8 {[%emt 0:00:08]} 40. Qf3 {[%emt 0:01:11]} Rb8 {[%emt 0:01:06]} 41. Kh2 {[%emt 0:01:21]} a4 {[%emt 0:00:36]} 42. Ra7 {[%emt 0:03:09]} Qd4 {[%emt 0:00:06]} 43. Ra6 {[%emt 0:02:03]} Rb4 {[%emt 0:00:22]} 44. Ra8+ {[%emt 0:01:44]} Kh7 {[%emt 0:00:05]} 45. Rf8 {[%emt 0:01:30]} Qxf4+ {[%emt 0:00:18]} 46. Qxf4 {[%emt 0:00:06]} Rxf4 {[%emt 0:00:05]} 47. Kg3 {[%emt 0:00:03]} g5 {[%emt 0:00:11]} 48. Ra8 {[%emt 0:00:21]} Kg6 {[%emt 0:00:07]} 49. Ra7 {[%emt 0:00:12]} h5 {[%emt 0:00:20]} 50. Rb7 {[%emt 0:00:15]} h4+ {[%emt 0:00:10]} 51. Kh2 {[%emt 0:00:02]} Rf1 {[%emt 0:00:11]} 52. Ra7 {[%emt 0:00:14]} Ra1 {[%emt 0:00:05]} 53. Ra6 {[%emt 0:00:18]} a3 {[%emt 0:00:04]} 54. Ra7 {[%emt 0:00:03]} a2 {[%emt 0:00:10]} 0-1

[Event "XXX Roquetas de Mar Open 2019"]
[Site "Roquetas de Mar"]
[Date "2019.01.04"]
[Round "5"]
[White "Arjun Kalyan"]
[Black "Kantor, Gergely"]
[Result "1-0"]
[WhiteElo "2395"]
[BlackElo "2514"]
[Annotator "ChessBase"]
[PlyCount "83"]
[EventDate "2019.01.02"]
[EventType "swiss"]
[EventCountry "ESP"]
[SourceTitle "playchess.com"]
[Source "ChessBase"]
[SourceQuality "1"]
[TimeControl "5400+30"]

1. e4 {[%emt 0:00:00]} e5 {[%emt 0:00:15]} 2. Nf3 {[%emt 0:00:00]} Nc6 {[%emt 0:00:23]} 3. Bb5 {[%emt 0:00:00]} a6 {[%emt 0:00:07]} 4. Ba4 {[%emt 0:00:00]} Nf6 {[%emt 0:00:04]} 5. O-O {[%emt 0:00:00]} Be7 {[%emt 0:00:03]} 6. Re1 {[%emt 0:00:00]} b5 {[%emt 0:00:02]} 7. Bb3 {[%emt 0:00:05]} d6 {[%emt 0:00:04]} 8. c3 {[%emt 0:00:05]} O-O {[%emt 0:00:13]} 9. h3 {[%emt 0:00:05]} Re8 {[%emt 0:00:31]} 10. d4 {[%emt 0:01:23]} Bb7 {[%emt 0:00:44]} 11. Nbd2 {[%emt 0:00:35]} Bf8 {[%emt 0:00:46]} 12. d5 {[%emt 0:00:33]} Nb8 {[%emt 0:00:50]} 13. Nf1 {[%emt 0:00:55]} Nbd7 {[%emt 0:00:57]} 14. N3h2 {[%emt 0:00:49]} c6 {[%emt 0:00:56]} 15. dxc6 {[%emt 0:01:19]} Bxc6 {[%emt 0:00:13]} 16. Bg5 {[%emt 0:00:51]} Qc7 {[%emt 0:02:33]} 17. Bxf6 {[%emt 0:05:57]} Nxf6 {[%emt 0:00:30]} 18. Qf3 {[%emt 0:07:19]} Qb7 {[%emt 0:13:01]} 19. Ng3 {[%emt 0:01:52]} a5 {[%emt 0:08:26]} 20. Ng4 {[%emt 0:01:14]} Nxg4 {[%emt 0:01:42]} 21. hxg4 {[%emt 0:00:02]} a4 {[%emt 0:02:21]} 22. Bd5 {[%emt 0:00:01]} Bxd5 {[%emt 0:02:53]} 23. exd5 {[%emt 0:00:02]} b4 {[%emt 0:01:01]} 24. c4 {[%emt 0:09:19]} Rec8 {[%emt 0:01:11]} 25. b3 {[%emt 0:03:25]} Qa6 {[%emt 0:05:11]} 26. Rac1 {[%emt 0:02:48]} Be7 {[%emt 0:02:27]} 27. Ne4 {[%emt 0:00:41]} h6 {[%emt 0:00:36]} 28. g3 {[%emt 0:06:06]} Qb6 {[%emt 0:05:40]} 29. Kg2 {[%emt 0:01:18]} axb3 {[%emt 0:03:04]} 30. axb3 {[%emt 0:00:01]} Qd8 {[%emt 0:07:48]} 31. Rh1 {[%emt 0:05:47]} Bg5 {[%emt 0:01:48]} 32. Rcd1 {[%emt 0:00:28]} g6 {[%emt 0:01:49]} 33. Rh3 {[%emt 0:22:25]} Kg7 {[%emt 0:03:22]} 34. Rdh1 {[%emt 0:00:09]} Rc7 {[%emt 0:05:03]} 35. c5 {[%emt 0:05:26]} dxc5 {[%emt 0:06:06]} 36. d6 {[%emt 0:00:02]} Rca7 {[%emt 0:00:18]} 37. d7 {[%emt 0:02:31]} Ra1 {[%emt 0:10:29]} 38. Nxg5 {[%emt 0:05:26]} Qxg5 {[%emt 0:00:08]} 39. Rxa1 {[%emt 0:01:03]} Rxa1 {[%emt 0:00:21]} 40. Qd5 {[%emt 0:00:22]} Ra2 {[%emt 0:05:20]} 41. d8=Q {[%emt 0:00:41]} Qe3 {[%emt 0:00:07]} 42. Qf3 {[%emt 0:00:24]} 1-0

[Event "XXX Roquetas de Mar Open 2019"]
[Site "Roquetas de Mar"]
[Date "2019.01.04"]
[Round "5"]
[White "Luch, Michal"]
[Black "Montilla Carrillo, Esteban"]
[Result "1-0"]
[WhiteElo "2362"]
[BlackElo "2177"]
[Annotator "NA"]
[PlyCount "98"]
[EventDate "2019.01.02"]
[EventType "swiss"]
[EventCountry "ESP"]
[SourceTitle "playchess.com"]
[Source "ChessBase"]
[SourceQuality "1"]
[TimeControl "5400+30"]

1. d4 {[%emt 0:00:00]} Nf6 {[%emt 0:00:00]} 2. c4 {[%emt 0:00:00]} e6 {[%emt 0:00:13]} 3. Nf3 {[%emt 0:00:36]} c5 {[%emt 0:01:59]} 4. d5 {[%emt 0:00:36]} b5 {[%emt 0:00:28]} 5. dxe6 {[%emt 0:01:37]} fxe6 {[%emt 0:00:10]} 6. cxb5 {[%emt 0:00:16]} d5 {[%emt 0:01:01]} 7. Nbd2 {[%emt 0:03:29]} Be7 {[%emt 0:05:22]} 8. b3 {[%emt 0:16:42]} O-O {[%emt 0:04:49]} 9. e3 {[%emt 0:01:18]} a6 {[%emt 0:05:24]} 10. Bb2 {[%emt 0:07:18]} axb5 {[%emt 0:17:26]} 11. Bxb5 {[%emt 0:00:14]} Qb6 {[%emt 0:00:34]} 12. Qe2 {[%emt 0:01:57]} Nc6 {[%emt 0:05:26]} 13. O-O {[%emt 0:04:02]} Ba6 {[%emt 0:05:49]} 14. Bxa6 {[%emt 0:01:45]} Qxa6 {[%emt 0:02:29]} 15. Qxa6 {[%emt 0:03:04]} Rxa6 {[%emt 0:00:07]} 16. a4 {[%emt 0:10:20]} Rb8 {[%emt 0:04:45]} 17. Ba3 {[%emt 0:17:09]} h6 {[%emt 0:07:52]} 18. Rfc1 {[%emt 0:03:38]} Nd7 {[%emt 0:02:43]} 19. Ne1 {[%emt 0:04:07]} Nb4 {[%emt 0:09:16]} 20. Bxb4 {[%emt 0:02:01]} Rxb4 {[%emt 0:00:07]} 21. Nd3 {[%emt 0:01:43]} Rb7 {[%emt 0:00:05]} 22. f4 {[%emt 0:03:56]} Kf7 {[%emt 0:02:03]} 23. Kf2 {[%emt 0:00:56]} Raa7 {[%emt 0:07:53]} 24. Ra2 {[%emt 0:02:05]} g6 {[%emt 0:05:08]} 25. Ke2 {[%emt 0:00:37]} Ra5 {[%emt 0:00:23]} 26. Rac2 {[%emt 0:00:20]} Bf8 {[%emt 0:01:17]} 27. Kf3 {[%emt 0:04:43]} Bd6 {[%emt 0:01:08]} 28. g4 {[%emt 0:03:01]} Raa7 {[%emt 0:01:26]} 29. h4 {[%emt 0:00:22]} Ra8 {[%emt 0:00:39]} 30. Rh1 {[%emt 0:01:08]} h5 {[%emt 0:02:26]} 31. g5 {[%emt 0:02:47]} Raa7 {[%emt 0:03:51]} 32. Rhc1 {[%emt 0:00:02]} Bf8 {[%emt 0:00:27]} 33. Rc3 {[%emt 0:00:35]} Bg7 {[%emt 0:00:42]} 34. R3c2 {[%emt 0:00:17]} Bf8 {[%emt 0:00:03]} 35. Ke2 {[%emt 0:00:17]} Bd6 {[%emt 0:00:12]} 36. Rc3 {[%emt 0:00:32]} Bf8 {[%emt 0:01:01]} 37. Nf3 {[%emt 0:00:33]} Bg7 {[%emt 0:01:23]} 38. Nfe5+ {[%emt 0:02:54]} Bxe5 {[%emt 0:00:15]} 39. fxe5 {[%emt 0:01:56]} Ke7 {[%emt 0:02:18]} 40. Nxc5 {[%emt 0:00:06]} Nxc5 {[%emt 0:00:08]} 41. Rxc5 {[%emt 0:00:02]} Rxb3 {[%emt 0:00:17]} 42. Rc7+ {[%emt 0:00:52]} Rxc7 {[%emt 0:00:07]} 43. Rxc7+ {[%emt 0:00:02]} Kf8 {[%emt 0:00:10]} 44. a5 {[%emt 0:00:20]} Ra3 {[%emt 0:00:05]} 45. Ra7 {[%emt 0:00:11]} Ra4 {[%emt 0:00:25]} 46. a6 {[%emt 0:00:26]} Rxh4 {[%emt 0:01:52]} 47. Ra8+ Kg7 48. a7 Ra4 49. Re8 Kf7 1-0

[Event "XXX Roquetas de Mar Open 2019"]
[Site "Roquetas de Mar"]
[Date "2019.01.04"]
[Round "5"]
[White "Oglaza, Oskar"]
[Black "Tazbir, Marcin"]
[Result "0-1"]
[WhiteElo "2320"]
[BlackElo "2529"]
[Annotator "ChessBase"]
[PlyCount "52"]
[EventDate "2019.01.02"]
[EventType "swiss"]
[EventCountry "ESP"]
[SourceTitle "playchess.com"]
[Source "ChessBase"]
[SourceQuality "1"]
[TimeControl "5400+30"]

1. c4 {[%emt 0:00:00]} e6 {[%emt 0:00:00]} 2. g3 {[%emt 0:00:36]} d5 {[%emt 0:00:00]} 3. d4 {[%emt 0:00:39]} c6 {[%emt 0:00:09]} 4. Bg2 {[%emt 0:10:54]} f5 {[%emt 0:00:07]} 5. Nf3 {[%emt 0:00:53]} Nf6 {[%emt 0:00:05]} 6. O-O {[%emt 0:01:24]} Be7 {[%emt 0:02:00]} 7. Qc2 {[%emt 0:04:20]} O-O {[%emt 0:01:50]} 8. Nc3 {[%emt 0:02:43]} Ne4 {[%emt 0:10:05]} 9. e3 {[%emt 0:03:01]} Nd7 {[%emt 0:02:36]} 10. Nd2 {[%emt 0:06:26]} Nxd2 {[%emt 0:02:58]} 11. Bxd2 {[%emt 0:00:06]} Nf6 {[%emt 0:00:07]} 12. Rad1 {[%emt 0:08:07]} Bd7 {[%emt 0:00:40]} 13. Ne2 {[%emt 0:09:30]} Ne4 {[%emt 0:04:04]} 14. f3 {[%emt 0:05:08]} Nxd2 {[%emt 0:02:05]} 15. Rxd2 {[%emt 0:00:26]} Qa5 {[%emt 0:00:10]} 16. b3 {[%emt 0:01:00]} Rac8 {[%emt 0:04:35]} 17. e4 {[%emt 0:10:13]} fxe4 {[%emt 0:06:53]} 18. fxe4 {[%emt 0:00:10]} Rxf1+ {[%emt 0:00:05]} 19. Kxf1 {[%emt 0:01:30]} Rf8+ {[%emt 0:00:26]} 20. Kg1 {[%emt 0:00:47]} dxc4 {[%emt 0:00:49]} 21. bxc4 {[%emt 0:00:35]} e5 {[%emt 0:00:26]} 22. Kh1 {[%emt 0:04:24]} Bg5 {[%emt 0:08:44]} 23. Rd1 {[%emt 0:00:08]} c5 {[%emt 0:04:10]} 24. dxe5 {[%emt 0:05:20]} Ba4 {[%emt 0:00:28]} 25. Qb1 {[%emt 0:00:06]} Bxd1 {[%emt 0:00:31]} 26. Qxd1 {[%emt 0:00:07]} Qd2 {[%emt 0:03:49]} 0-1

[Event "XXX Roquetas de Mar Open 2019"]
[Site "Roquetas de Mar"]
[Date "2019.01.04"]
[Round "5"]
[White "Aguilar, Andres"]
[Black "Carlsson, Pontus"]
[Result "0-1"]
[WhiteElo "2307"]
[BlackElo "2463"]
[Annotator "TA"]
[PlyCount "50"]
[EventDate "2019.01.02"]
[EventType "swiss"]
[EventCountry "ESP"]
[SourceTitle "playchess.com"]
[Source "ChessBase"]
[SourceQuality "1"]

{[%evp 29,50,6,27,-3,-14,-173,-166,-216,-218,-215,-228,-322,-332,-394,-393,-910,-849,-1053,-1061,-1330,-1269,-1710,-1685]} 1. Nf3 Nf6 2. c4 c5 3. g3 b6 4. Bg2 Bb7 5. O-O g6 6. Nc3 Bg7 7. d4 cxd4 8. Qxd4 d6 9. Rd1 Nbd7 10. Be3 Rc8 11. Rac1 O-O 12. Qh4 a6 {A30: Symmetrical English: Double Fianchetto and Hedgehog} 13. b3 Rc7 14. Bh3 Qb8 15. Ne1 Ba8 {LiveBook: 5 Games} 16. Nd3 b5 17. cxb5 $2 {[#]} (17. Nd5 $11 Bxd5 18. cxd5) 17... Qb7 $1 $19 {[%csl Ga8][%cal Rb7h1]} 18. f3 {[#]} Rxc3 $1 {[%mdl 576] Remove Defender, Decoy} 19. Rxc3 {Strongly threatening bxa6.} Nd5 {[%cal Bf6d5,Bd5e3,Be3d1,Bd1f2,Bf2d3][%mdl 96] Discovered Attack} 20. bxa6 (20. Bd4 $142 Nxc3 21. Bxc3 Bxc3 22. Qxe7) 20... Qxa6 21. Bxd7 $146 {Rc8 is the strong threat.} Nxe3 22. Qxe7 $2 (22. Rcc1 Nxd1 23. Rxd1 Qa7+ {[%mdl 64] Double Attack} 24. Kg2 Qxd7 25. Qf4) 22... Nxd1 {Black is clearly winning.} 23. Rc4 Qa7+ 24. Kh1 Nf2+ 25. Kg2 Nxd3 {Accuracy: White = 10%, Black = 85%.} 0-1

[Event "XXX Roquetas de Mar Open 2019"]
[Site "Roquetas de Mar"]
[Date "2019.01.04"]
[Round "5"]
[White "Dardha, Arben"]
[Black "Larino Nieto, David"]
[Result "0-1"]
[WhiteElo "2284"]
[BlackElo "2432"]
[Annotator "NA"]
[PlyCount "118"]
[EventDate "2019.01.02"]
[EventType "swiss"]
[EventCountry "ESP"]
[SourceTitle "playchess.com"]
[Source "ChessBase"]
[SourceQuality "1"]
[TimeControl "5400+30"]

1. e4 {[%emt 0:01:56]} c6 {[%emt 0:00:00]} 2. d4 {[%emt 0:00:52]} g6 {[%emt 0:00:00]} 3. Nc3 {[%emt 0:04:09]} Bg7 {[%emt 0:00:07]} 4. Be3 {[%emt 0:02:26]} d5 {[%emt 0:00:26]} 5. exd5 {[%emt 0:01:40]} cxd5 {[%emt 0:00:02]} 6. Qd2 {[%emt 0:02:36]} Nc6 {[%emt 0:00:54]} 7. Nf3 {[%emt 0:03:46]} Bg4 {[%emt 0:01:17]} 8. Be2 {[%emt 0:01:11]} e6 {[%emt 0:00:31]} 9. O-O {[%emt 0:07:27]} Nge7 {[%emt 0:02:38]} 10. Nh4 {[%emt 0:09:53]} h5 {[%emt 0:05:57]} 11. f3 {[%emt 0:09:02]} Nf5 {[%emt 0:03:27]} 12. Nxf5 {[%emt 0:00:54]} Bxf5 {[%emt 0:00:02]} 13. Bb5 {[%emt 0:03:56]} Rc8 {[%emt 0:00:49]} 14. Ne2 {[%emt 0:02:42]} a6 {[%emt 0:02:15]} 15. Bxc6+ {[%emt 0:00:34]} Rxc6 {[%emt 0:00:06]} 16. c3 {[%emt 0:00:07]} h4 {[%emt 0:00:53]} 17. Nc1 {[%emt 0:08:58]} f6 {[%emt 0:00:42]} 18. Nd3 {[%emt 0:01:25]} g5 {[%emt 0:00:14]} 19. Rae1 {[%emt 0:01:17]} Bf8 {[%emt 0:00:50]} 20. Re2 {[%emt 0:04:04]} Bd6 {[%emt 0:00:34]} 21. h3 {[%emt 0:01:25]} Bb8 {[%emt 0:00:51]} 22. Rc1 {[%emt 0:08:48]} a5 {[%emt 0:04:22]} 23. Kf1 {[%emt 0:00:53]} Kf7 {[%emt 0:00:31]} 24. Nf2 {[%emt 0:01:48]} Bd6 {[%emt 0:03:24]} 25. Ng4 {[%emt 0:00:55]} Qc7 {[%emt 0:00:10]} 26. Rce1 {[%emt 0:03:06]} Rh5 {[%emt 0:03:15]} 27. Kg1 {[%emt 0:00:46]} b5 {[%emt 0:00:37]} 28. Qd1 {[%emt 0:02:24]} b4 {[%emt 0:03:48]} 29. Bd2 {[%emt 0:02:11]} Rh8 {[%emt 0:00:49]} 30. Qb3 {[%emt 0:01:25]} Bg3 {[%emt 0:01:23]} 31. Nf2 {[%emt 0:01:59]} bxc3 {[%emt 0:01:13]} 32. Bxc3 {[%emt 0:00:23]} Rb8 {[%emt 0:00:35]} 33. Qa4 {[%emt 0:00:18]} Rc4 {[%emt 0:06:27]} 34. Qd1 {[%emt 0:00:30]} a4 {[%emt 0:00:25]} 35. a3 {[%emt 0:00:03]} Rb3 {[%emt 0:00:24]} 36. Rf1 {[%emt 0:01:52]} Rcxc3 {[%emt 0:01:16]} 37. bxc3 {[%emt 0:00:06]} Qxc3 {[%emt 0:00:06]} 38. Qc1 {[%emt 0:02:38]} Rxa3 {[%emt 0:01:14]} 39. Qxc3 {[%emt 0:00:23]} Rxc3 {[%emt 0:00:02]} 40. Ra2 {[%emt 0:00:35]} Rc4 {[%emt 0:00:33]} 41. Rfa1 {[%emt 0:00:27]} Bc2 {[%emt 0:00:07]} 42. Rb2 {[%emt 0:02:56]} Bf4 {[%emt 0:02:05]} 43. Rb7+ {[%emt 0:00:30]} Kg6 {[%emt 0:00:05]} 44. Re1 {[%emt 0:00:38]} Bf5 {[%emt 0:01:37]} 45. Ne4 {[%emt 0:02:23]} dxe4 {[%emt 0:01:10]} 46. fxe4 {[%emt 0:00:03]} Bxh3 {[%emt 0:00:06]} 47. gxh3 {[%emt 0:00:16]} Rxd4 {[%emt 0:00:03]} 48. Ra7 {[%emt 0:00:34]} Bd6 {[%emt 0:00:18]} 49. Ra6 {[%emt 0:00:57]} a3 {[%emt 0:00:22]} 50. Re2 {[%emt 0:00:19]} Rd3 {[%emt 0:00:23]} 51. Rc2 {[%emt 0:00:17]} Be5 {[%emt 0:00:15]} 52. Rxe6 {[%emt 0:01:12]} Rg3+ {[%emt 0:00:25]} 53. Kf1 {[%emt 0:00:16]} Rxh3 {[%emt 0:00:07]} 54. Kg1 {[%emt 0:01:24]} Rb3 {[%emt 0:00:33]} 55. Ra6 {[%emt 0:00:10]} g4 {[%emt 0:00:27]} 56. Ra2 {[%emt 0:00:27]} Rb1+ {[%emt 0:00:13]} 57. Kg2 {[%emt 0:00:08]} h3+ {[%emt 0:00:02]} 58. Kf2 {[%emt 0:00:10]} Rb2+ {[%emt 0:00:09]} 59. Rxb2 {[%emt 0:00:07]} axb2 {[%emt 0:00:02]} 0-1

[Event "XXX Roquetas de Mar Open 2019"]
[Site "Roquetas de Mar"]
[Date "2019.01.04"]
[Round "5"]
[White "Radnai, Adam"]
[Black "Tejedor Fuente, Enrique"]
[Result "0-1"]
[WhiteElo "2275"]
[BlackElo "2428"]
[Annotator "NA"]
[PlyCount "126"]
[EventDate "2019.01.02"]
[EventType "swiss"]
[EventCountry "ESP"]
[SourceTitle "playchess.com"]
[Source "ChessBase"]
[SourceQuality "1"]
[TimeControl "5400+30"]

1. d4 {[%emt 0:01:38]} e6 {[%emt 0:00:12]} 2. Bf4 {[%emt 0:01:47]} b6 {[%emt 0:00:40]} 3. e4 {[%emt 0:04:13]} Bb7 {[%emt 0:01:32]} 4. Bd3 {[%emt 0:00:28]} Nf6 {[%emt 0:00:36]} 5. Qe2 {[%emt 0:00:43]} d5 {[%emt 0:00:56]} 6. e5 {[%emt 0:04:19]} Nfd7 {[%emt 0:00:10]} 7. Nf3 {[%emt 0:07:57]} c5 {[%emt 0:00:16]} 8. c3 {[%emt 0:00:04]} Nc6 {[%emt 0:00:35]} 9. a3 {[%emt 0:02:14]} Be7 {[%emt 0:02:43]} 10. h4 {[%emt 0:00:15]} Qc7 {[%emt 0:04:43]} 11. b4 {[%emt 0:10:07]} f5 {[%emt 0:04:25]} 12. Nbd2 {[%emt 0:07:02]} c4 {[%emt 0:03:37]} 13. Bc2 {[%emt 0:00:39]} O-O-O {[%emt 0:00:02]} 14. Ng5 {[%emt 0:07:27]} Nf8 {[%emt 0:05:36]} 15. Nxe6 {[%emt 0:06:40]} Nxe6 {[%emt 0:00:05]} 16. Bxf5 {[%emt 0:00:04]} Qd7 {[%emt 0:00:29]} 17. b5 {[%emt 0:12:28]} Na5 {[%emt 0:04:32]} 18. Qg4 {[%emt 0:01:44]} h5 {[%emt 0:00:01]} 19. Qg6 {[%emt 0:00:19]} Nxf4 {[%emt 0:00:02]} 20. Bxd7+ {[%emt 0:00:08]} Kxd7 {[%emt 0:00:54]} 21. Qf5+ {[%emt 0:01:51]} Ne6 {[%emt 0:00:04]} 22. Qh3 {[%emt 0:00:10]} Bc8 {[%emt 0:01:25]} 23. f4 {[%emt 0:02:27]} Kc7 {[%emt 0:01:29]} 24. Qg3 {[%emt 0:00:44]} Rdf8 {[%emt 0:00:48]} 25. O-O {[%emt 0:00:59]} Rf5 {[%emt 0:00:06]} 26. Qh2 {[%emt 0:04:19]} Rh6 {[%emt 0:18:16]} 27. Rf3 {[%emt 0:02:25]} Rg6 {[%emt 0:03:24]} 28. Nf1 {[%emt 0:02:45]} Nb3 {[%emt 0:00:01]} 29. Ne3 {[%emt 0:02:11]} Nexd4 {[%emt 0:08:36]} 30. cxd4 {[%emt 0:00:31]} Nxa1 {[%emt 0:01:22]} 31. Nxd5+ {[%emt 0:01:39]} Kd8 {[%emt 0:02:14]} 32. Rc3 {[%emt 0:01:41]} Nb3 {[%emt 0:03:58]} 33. Rxc4 {[%emt 0:05:51]} Be6 {[%emt 0:00:04]} 34. Nxe7 {[%emt 0:02:47]} Kxe7 {[%emt 0:00:02]} 35. Rc7+ {[%emt 0:00:21]} Kf8 {[%emt 0:01:07]} 36. Qh3 {[%emt 0:03:08]} Rxf4 {[%emt 0:05:09]} 37. Rc8+ {[%emt 0:00:31]} Kf7 {[%emt 0:00:13]} 38. Qc3 {[%emt 0:00:34]} Bxc8 {[%emt 0:01:03]} 39. e6+ {[%emt 0:01:52]} Bxe6 {[%emt 0:10:27]} 40. Qc7+ {[%emt 0:00:01]} Kg8 {[%emt 0:00:05]} 41. Qxf4 {[%emt 0:00:08]} Bd5 {[%emt 0:01:10]} 42. g3 {[%emt 0:00:19]} Rg4 {[%emt 0:03:26]} 43. Qe5 {[%emt 0:00:04]} Bf7 {[%emt 0:00:29]} 44. Qb8+ {[%emt 0:00:28]} Kh7 {[%emt 0:00:01]} 45. Qxa7 {[%emt 0:00:12]} Rxg3+ {[%emt 0:00:33]} 46. Kh2 {[%emt 0:01:18]} Rf3 {[%emt 0:00:01]} 47. Qxb6 {[%emt 0:00:05]} Bd5 {[%emt 0:05:21]} 48. Qd6 {[%emt 0:01:01]} Rf5 {[%emt 0:01:19]} 49. Qg3 {[%emt 0:01:51]} Nd2 {[%emt 0:01:10]} 50. Qd3 {[%emt 0:00:19]} Ne4 {[%emt 0:00:00]} 51. b6 {[%emt 0:00:42]} Rf2+ {[%emt 0:00:13]} 52. Kg1 {[%emt 0:00:18]} Rb2 {[%emt 0:00:15]} 53. Qf3 {[%emt 0:00:31]} Nf6 {[%emt 0:00:56]} 54. Qf5+ {[%emt 0:00:09]} Kh6 {[%emt 0:00:32]} 55. Qg5+ {[%emt 0:00:05]} Kh7 {[%emt 0:00:02]} 56. Qf5+ {[%emt 0:00:00]} Kg8 {[%emt 0:00:27]} 57. Qc8+ {[%emt 0:00:01]} Kf7 {[%emt 0:00:10]} 58. a4 {[%emt 0:00:18]} Ng4 {[%emt 0:02:43]} 59. Qd7+ {[%emt 0:02:29]} Kg6 {[%emt 0:00:44]} 60. Qe8+ {[%emt 0:01:31]} Kf5 {[%emt 0:07:24]} 61. Kf1 {[%emt 0:00:43]} Nh2+ {[%emt 0:00:25]} 62. Ke1 {[%emt 0:00:19]} Nf3+ {[%emt 0:00:03]} 63. Kd1 {[%emt 0:00:02]} Bb3+ {[%emt 0:00:07]} 0-1

[Event "XXX Roquetas de Mar Open 2019"]
[Site "Roquetas de Mar"]
[Date "2019.01.04"]
[Round "5"]
[White "Bobadilla Viera, Jorge Samuel"]
[Black "Barski, Radoslaw"]
[Result "0-1"]
[WhiteElo "2274"]
[BlackElo "2458"]
[Annotator "ChessBase"]
[PlyCount "78"]
[EventDate "2019.01.02"]
[EventType "swiss"]
[EventCountry "ESP"]
[SourceTitle "playchess.com"]
[Source "ChessBase"]
[SourceQuality "1"]
[TimeControl "5400+30"]

1. e4 {[%emt 0:06:53]} c5 {[%emt 0:00:00]} 2. Nf3 {[%emt 0:00:03]} Nc6 {[%emt 0:00:00]} 3. d4 {[%emt 0:00:04]} cxd4 {[%emt 0:00:00]} 4. Nxd4 {[%emt 0:00:02]} Nf6 {[%emt 0:00:00]} 5. Nc3 {[%emt 0:00:07]} e5 {[%emt 0:00:02]} 6. Ndb5 {[%emt 0:00:03]} d6 {[%emt 0:00:06]} 7. Bg5 {[%emt 0:00:21]} a6 {[%emt 0:00:18]} 8. Na3 {[%emt 0:00:07]} b5 {[%emt 0:00:13]} 9. Nd5 {[%emt 0:00:12]} Be7 {[%emt 0:00:14]} 10. Bxf6 {[%emt 0:00:09]} Bxf6 {[%emt 0:00:07]} 11. c3 {[%emt 0:02:06]} Ne7 {[%emt 0:03:07]} 12. Nc2 {[%emt 0:01:50]} Nxd5 {[%emt 0:00:27]} 13. exd5 {[%emt 0:00:12]} O-O {[%emt 0:01:43]} 14. a4 {[%emt 0:02:34]} bxa4 {[%emt 0:01:48]} 15. Rxa4 {[%emt 0:01:23]} a5 {[%emt 0:02:18]} 16. Bb5 {[%emt 0:10:39]} Qb6 {[%emt 0:12:45]} 17. Qe2 {[%emt 0:06:27]} Bb7 {[%emt 0:21:12]} 18. c4 {[%emt 0:06:48]} Bg5 {[%emt 0:08:42]} 19. O-O {[%emt 0:01:22]} f5 {[%emt 0:00:04]} 20. b4 {[%emt 0:06:29]} axb4 {[%emt 0:03:25]} 21. Rxa8 {[%emt 0:00:14]} Bxa8 {[%emt 0:00:45]} 22. Nxb4 {[%emt 0:00:48]} e4 {[%emt 0:00:41]} 23. g3 {[%emt 0:04:54]} Bb7 {[%emt 0:03:13]} 24. Nc6 {[%emt 0:04:42]} Bc8 {[%emt 0:02:03]} 25. Kg2 {[%emt 0:05:31]} Qc5 {[%emt 0:02:51]} 26. Na5 {[%emt 0:06:05]} f4 {[%emt 0:09:01]} 27. Qxe4 {[%emt 0:04:13]} f3+ {[%emt 0:02:58]} 28. Kg1 {[%emt 0:00:10]} Bf5 {[%emt 0:00:08]} 29. Qxf3 {[%emt 0:00:37]} Bh3 {[%emt 0:00:11]} 30. Qe2 {[%emt 0:00:56]} Bxf1 {[%emt 0:01:27]} 31. Kxf1 {[%emt 0:00:09]} Qa3 {[%emt 0:03:10]} 32. Nc6 {[%emt 0:00:45]} Be3 {[%emt 0:01:42]} 33. Ne7+ {[%emt 0:03:56]} Kh8 {[%emt 0:00:15]} 34. f4 {[%emt 0:00:10]} g5 {[%emt 0:05:36]} 35. Kg2 {[%emt 0:08:22]} gxf4 {[%emt 0:03:37]} 36. Qf3 {[%emt 0:00:01]} Qb2+ {[%emt 0:00:52]} 37. Kh3 {[%emt 0:00:02]} Qf6 {[%emt 0:03:08]} 38. Nc6 {[%emt 0:00:31]} Qh6+ {[%emt 0:00:14]} 39. Kg2 {[%emt 0:00:05]} fxg3 {[%emt 0:00:15]} 0-1